000 00492nam a2200169Ia 4500
005 20250508153227.0
008 008 250505s9999 xx 000 0 eng d
037 _aTextual
040 _aFEDL
_beng
_cFEDL
041 _aeng
_2eng
084 _a360.954, IND
_qFEDL
245 0 _aPlans and prospects of social welfare in India 1951-61
260 _aDelhi, India
_bPublications Division
_c1963
300 _a254p.
942 _cTEXL
_h360.954, IND
999 _c1341389
_d1341389